When is an expert determination process not an arbitration? (Record no. 80118)
[ view plain ]
| 000 -LEADER | |
|---|---|
| fixed length control field | 01540cad a22002295a 4500 |
| 001 - CONTROL NUMBER | |
| control field | L143258 |
| 008 - FIXED-LENGTH DATA ELEMENTS--GENERAL INFORMATION | |
| fixed length control field | 080421s2007 at f v 000 0 eng d |
| 035 ## - SYSTEM CONTROL NUMBER | |
| System control number | (Sirsi) u143258 |
| 041 0# - LANGUAGE CODE | |
| Language code of text/sound track or separate title | eng |
| 100 1# - MAIN ENTRY--PERSONAL NAME | |
| Personal name | Rudge, Nick |
| 245 00 - TITLE STATEMENT | |
| Title | When is an expert determination process not an arbitration? |
| Medium | [electronic resource] |
| 260 ## - PUBLICATION, DISTRIBUTION, ETC. | |
| Date of publication, distribution, etc. | 2007 |
| 490 #0 - SERIES STATEMENT | |
| Series statement | Focus |
| -- | Construction |
| Volume/sequential designation | September 2007 |
| 520 ## - SUMMARY, ETC. | |
| Summary, etc. | Reviews the decision in an Australian case Northbuild Construction Pty Ltd v Discovery Beach Pty Ltd [2007] QSC 206 in relation to issues arising from an expert determination process. Covers the facts of the case, the decision of the Queensland Supreme Court and practical considerations. Looks at the circumstances in which an expert determination expert's conduct might become an arbitration. Suggests that expert determination does not preclude experts from cross-examining witnesses, if the contract allows. Advises that dispute resolution clauses should be carefully drafted to include the powers of the expert that the parties wish the expert to have. |
| 590 ## - LOCAL NOTE (RLIN) | |
| Local note | KA |
| 650 24 - SUBJECT ADDED ENTRY--TOPICAL TERM | |
| Topical term or geographic name entry element | NORTHBUILD CONSTRUCTION PTY LTD V DISCOVERY BEACH PROJECT PTY LTD |
| 651 #4 - SUBJECT ADDED ENTRY--GEOGRAPHIC NAME | |
| Geographic name | Australia |
| 690 ## - LOCAL SUBJECT ADDED ENTRY--TOPICAL TERM (OCLC, RLIN) | |
| Topical term or geographic name as entry element | MANAGEMENT-DISPUTE AVOIDANCE, MANAGEMENT AND RESOLUTION-DISPUTE MANAGEMENT AND RESOLUTION-ALTERNATIVE DISPUTE RESOLUTION-INDEPENDENT EXPERT DETERMINATION |
| 700 1# - ADDED ENTRY--PERSONAL NAME | |
| Personal name | Gallina, Nicholas |
| 856 40 - ELECTRONIC LOCATION AND ACCESS | |
| Uniform Resource Identifier | <a href="https://www.austlii.edu.au/au/journals/AUConstrLawNlr/2007/70.html">https://www.austlii.edu.au/au/journals/AUConstrLawNlr/2007/70.html</a> |
| Public note | View the article free of charge at www.aar.au.com... |
| 942 ## - ADDED ENTRY ELEMENTS (KOHA) | |
| Suppress in OPAC | 0 |
| Withdrawn status | Lost status | Source of classification or shelving scheme | Damaged status | Not for loan | Home library | Current library | Shelving location | Date acquired | Total Checkouts | Full call number | Barcode | Date last seen | Copy number | Price effective from | Koha item type |
|---|---|---|---|---|---|---|---|---|---|---|---|---|---|---|---|
| Dewey Decimal Classification | Virtual | Virtual | Online | 21/04/2008 | ONLINE PUBLICATION | 143258-1001 | 06/08/2019 | 1 | 06/08/2019 | Journal article |